K inventarizacím v roce 1992.
Zákon o účtovníctve, ktorý vstúpil do platnosti začiatkom roku 1992, prináša nový pohľad aj na funkciu a poslanie inventarizácie majetku. Komentár k vybraným odsekom zákona týkajúcim sa prípravy inventarizácie, ako aj uskutočňovania inventarizácií fyzickou inventúrou a dokladovou inventúrou.
Na minha lista:
| Autor principal: | |
|---|---|
| Formato: | Capítulo de Livro |
| Idioma: | tcheco |
| Assuntos: | |
| Tags: |
Sem tags, seja o primeiro a adicionar uma tag!
|
MARC
| LEADER | 00000naa a2200000 4500 | ||
|---|---|---|---|
| 001 | r010666 | ||
| 005 | 20220831084337.4 | ||
| 041 | 0 | |a cze | |
| 044 | |a [CS] | ||
| 245 | 1 | 0 | |a K inventarizacím v roce 1992. |c V. Schiffer |
| 520 | |a Zákon o účtovníctve, ktorý vstúpil do platnosti začiatkom roku 1992, prináša nový pohľad aj na funkciu a poslanie inventarizácie majetku. Komentár k vybraným odsekom zákona týkajúcim sa prípravy inventarizácie, ako aj uskutočňovania inventarizácií fyzickou inventúrou a dokladovou inventúrou. | ||
| 610 | 2 | 0 | |a inventarizácia |
| 610 | 2 | 0 | |a inventúra fyzická |
| 610 | 2 | 0 | |a inventúra dokladová |
| 610 | 2 | 0 | |a účtovníctvo |
| 610 | 2 | 0 | |a zákony |
| 610 | 2 | 0 | |a ČSFR |
| 610 | 2 | 0 | |a 1992 |
| 100 | 1 | |a Schiffer, V. | |